| 000 | 00771nam a22002295a 4500 | ||
|---|---|---|---|
| 999 |
_c26834 _d26806 |
||
| 005 | 20180806114339.0 | ||
| 008 | 180806t2011 ne a frb 000 0 eng d | ||
| 020 | _a9789077812334 | ||
| 040 |
_aEG-ScBUE _beng _cEG-ScBUE |
||
| 082 | 0 | 4 |
_a370.152 _bBES _222 |
| 100 | 1 | _aBest, Kathryn. | |
| 245 | 1 | 0 |
_aWhat can design bring to strategy? : _bdesigning thinking as a tool for innovation and change / _cKathryn Best. |
| 260 |
_aRotterdam : _bInholland University of Applied Sciences, _cc.2011. |
||
| 300 |
_a44 p. : _bill. ; _c24 cm. |
||
| 504 | _aIncludes bibliographical references. | ||
| 650 | 7 |
_a Creative thinking. _2BUEsh _97850 |
|
| 650 | 7 |
_aCritical thinking. _2BUEsh |
|
| 650 | 7 |
_aBusiness planning _2BUEsh |
|
| 651 | _2BUEsh | ||
| 653 | _cAugust2018 | ||
| 942 | _2ddc | ||